000 00699nam a2200217 a 4500
001 BRCA_6660
005 20190320205539.0
008 121011s1951----sp-ab#####---#000-0#spa-#
041 _aspa
044 _asp
050 4 _aDP14
_b.T67 1951
245 1 0 _aThe tourist guide-book of Spain with town-guides, road and railway maps
_ccompiled and edited by Herbert W. Serra Williamson.
260 _aMadrid
_bThe Times of Spain
_c1951
300 _a541 p.
_bil., mapas
_c17 cm.
500 _aIncluye índice alfabético
500 _aL171
600 1 4 _aWilliamson, Herbert W. Serra
_eed.
_916674
651 4 _aEspaña
_vGuía de viajeros
_xDescripción y viajes
_916675
902 _aGFM
942 _2lcc
_cB
999 _c6344
_d6344